000 00806nam a2200229 a 4500
001 000007965
005 20200929154354.0
008 090914s2006 dr c 001 0 spa d
020 _a9945160028
040 _aDO-SdBNP
_bspa
_cBNPHU
082 _a861.44
_bV872m
245 0 0 _aVoces y memorias de la luna :
_bantología poética /
_ceditor, prólogo, selección y notas Rei Berroa.
260 _aSanto Domingo :
_bBúho,
_c2006.
300 _a173 p. :
_bil., retrs. ;
_c22 cm.
490 1 _aLibros de La Luna
_v1
590 _aInventariado, 2018/ LP
650 4 _aAutores latinoamericanos
_xBiografías
_921791
650 4 _aPoesía latinoamericana
_xColecciones
_ySIGLO XX
_921792
700 1 2 _aBerroa, Rei,
_eed.
_9319
830 0 _aLibros de La Luna ;
_v1
_910156
910 _aValidado. Control de calidad MFF
999 _c7743
_d7743